| 000 | 00487nam a22001697a 4500 | ||
|---|---|---|---|
| 005 | 20160615121033.0 | ||
| 008 | 160615b xxu||||| |||| 00| 0 eng d | ||
| 020 | _a81-7188-418-0 | ||
| 041 | _aeng | ||
| 082 | _b7722 | ||
| 100 |
_aC.H. Hanumantha Rao _91972 |
||
| 245 | _aEssays on Development Strategy Reginal disparities and center state financial relations in India | ||
| 260 |
_aNew Delhi _bAcademic Foundation, _c2005 |
||
| 300 | _a318 | ||
| 650 |
_aManagement _9241 |
||
| 942 | _cBK | ||
| 999 |
_c2762 _d2761 |
||